El científico /
Guardado en:
| Autor Principal: | |
|---|---|
| Formato: | Libro |
| Publicado: |
Mexico :
Life/offset Multicolor,
1970
|
| Materias: | |
| Etiquetas: |
Agregar Etiqueta
Sin Etiquetas, Sea el primero en etiquetar este registro!
|
| LEADER | 00690nam a22002175a 4500 | ||
|---|---|---|---|
| 001 | CEM.cems004155 | ||
| 005 | 20060216000000.0 | ||
| 008 | 130507s1970##################000#0#####d | ||
| 003 | CEMS | ||
| 082 | 0 | 4 | |a 500.69 |
| 100 | 1 | |a Margenau, Henry | |
| 245 | 1 | 0 | |a El científico / |
| 260 | |a Mexico : |b Life/offset Multicolor, |c 1970 | ||
| 300 | |a 202 p. | ||
| 505 | 0 | |a Orígenes de la vida; Ciencias de la vida; La medicina; psicología y ciencias sociales; Zootecnia, Agronomia, Silvicultura | |
| 653 | |a Ciencia | ||
| 653 | |a Ciencia-evolucion | ||
| 653 | |a Cientifico-perfil | ||
| 653 | |a Metodo cientifico | ||
| 653 | |a Premios nobel | ||
| 859 | |a CEMS |b BIB. CEMS - 11 de abril |h 500.69 |i M337 |p 2807.74 |t Ej.1 | ||
